Ley contra el hostigamiento sexual en el empleo y la docencia (Registro nro. 3476)

Detalles MARC
000 -Cabecera
Campo de control de longitud fija 00727aam a2200277 4500
005 - Fecha y hora de la última transacción
Campo de control 20260311184533.0
008 - Elementos de longitud fija--Información general
Campo de control de longitud fija 150227b2010 xxu||||| |||| 00| 0 ES d
020 ## - International Standard Book Number
Número Internacional Estándar del Libro (ISBN) 9977130817
041 ## - Idioma
Código de idioma Español
082 ## - Clasificación Decimal Dewey
Número de clasificación 364.153 C8374L6
100 ## - Entrada principal--Autor personal
Nombre personal Costa Rica. Leyes, decretos, etc
245 ## - Título propiamente dicho
Título Ley contra el hostigamiento sexual en el empleo y la docencia
250 ## - Edición
Mención de edición 6 edición
260 ## - Pie de imprenta
Lugar de publicación, distribución, etc. Costa Rica
260 ## - Pie de imprenta
Nombre del editor, distribuidor, etc. IJSA
260 ## - Pie de imprenta
Fecha de publicación, distribución, etc. 2010
300 ## - Descripción física
Extensión 25 páginas
490 ## - Serie
Título de la Serie Investigación Criminal
650 ## - Materia general
Temática (materia general) DELITOS SEXUALES
650 ## - Materia general
Temática (materia general) COSTA RICA
650 ## - Materia general
Temática (materia general) DELITOS CONTRA LA MUJER
650 ## - Materia general
Temática (materia general) DERECHO LABORAL
650 ## - Materia general
Temática (materia general) ACOSO SEXUAL
650 ## - Materia general
Temática (materia general) HOSTIGAMIENTO SEXUAL
942 ## - Punto de acceso adicional KOHA
Tipo de ítem KOHA Libro
Fuente del sistema de clasificación o colocación Dewey Decimal Classification
Existencias
Signatura completa Código de barras Programa Académico Tipo de ítem
364.153 C8374L6 18442 Investigación Criminal Libro
364.153 C8374L6 18443 Investigación Criminal Libro
364.153 C8374L6 18444 Investigación Criminal Libro
364.153 C8374L6 18445 Investigación Criminal Libro
364.153 C8374L6 18446 Investigación Criminal Libro
364.153 C8374L6 18447 Investigación Criminal Libro